Taylor Swift - Paroles Look What You Made Me Do - Statistiques

Statistiques générales
  • Ce quiz a été pris 555 fois
  • Le résultat moyen est 443 sur 496
Statistiques - réponses
Hint Réponse % Correct
do
100%
Bridge | Couplet 1 | Couplet 2 | Pré-refrain I
100%
you
100%
You
100%
don't
99%
Don't
99%
made
99%
me
99%
me...
99%
me,
99%
a
98%
like
98%
look
98%
Look
98%
(oh!)
98%
oh!
98%
Oh,
98%
(oh)
98%
Ooh,
98%
what
98%
What?
98%
your
98%
The
97%
the
97%
No,
95%
no,
95%
and
91%
And
91%
in
90%
is
90%
But
89%
but
89%
just
89%
dead,
86%
dead
86%
little
86%
to
86%
games
85%
be
84%
of
84%
on,
84%
time
84%
all
83%
it
83%
mine
82%
mine,
82%
play
82%
when
82%
got
81%
then
81%
drama,
80%
drama
80%
for
80%
was
80%
'cause
78%
fool
78%
yours
78%
bad
77%
dreams
77%
now
77%
role
77%
said
77%
Taylor
77%
twice,
77%
Why?
77%
can't
76%
karma
76%
nobody
76%
old
76%
phone
76%
she's
76%
trust
76%
lie
75%
nick
75%
once,
75%
once
75%
perfect
75%
right
75%
another
74%
How
74%
laugh
74%
smarter,
74%
check
73%
come
73%
list
73%
not
73%
stage
73%
day
72%
gun
72%
actress
71%
names,
71%
red,
71%
think
71%
harder
70%
I'm
70%
about
69%
cool,
69%
crime
69%
sorry
69%
get
68%
I'll
68%
trusts
68%
world
68%
Isn't
66%
underlined
66%
rose
65%
from
63%
up
62%
sure
61%
out
60%
starring
60%
kingdom
59%
Refrain Ooh,
59%
one
58%
place
57%
tilted
56%
sleep
55%
asked
54%
They
54%
thing's
52%
belonged
50%
keys
50%
you'll
50%
Honey,
49%
Maybe
48%
Locked
44%
moves
44%
threw
40%
feast
36%
Aucun quiz correspondant
Distribution des résultats
% des personnes avec chaque résultat
Percentile par nombre de réponses
Votre historique - résultats
Vous n’avez pas pris ce quiz